| 000 | 00818nam a2200253Ia 4500 | ||
|---|---|---|---|
| 003 | OSt | ||
| 005 | 20220923224939.0 | ||
| 006 | a|||||r|||| 00| 0 | ||
| 007 | ta | ||
| 008 | 220922b |||||||| |||| 00| 0 hin d | ||
| 024 | _a254,106 | ||
| 037 | _cTextual | ||
| 040 |
_aARTS _cARTS _bhin |
||
| 041 |
_2hin _ahin |
||
| 082 | _aO152,3M80x, J2;K6 | ||
| 100 |
_aप्रेमचंद _9156277 |
||
| 245 | 0 | _aग्राम्य जीवन की कहानियॉं | |
| 246 | _aGrāmya jīvan kī kahāniyaॉan | ||
| 260 |
_aदिल्ली _b सरस्वती प्रेस _c1966 |
||
| 300 |
_a204i``0 _ccm. |
||
| 650 |
_aहिन्दी साहित्य _9156264 |
||
| 942 |
_hO152,3M80x, J2;K6 _cTEXL _2CC |
||
| 999 |
_c374874 _d374874 |
||